000 00455nam a22001577a 4500
008 160611b xxu||||| |||| 00| 0 eng d
020 _a0324236956
050 _aHB 172.5 .M36 2007
100 _aMankiw Gregory N.
_d2007
245 _aPrinciples of macroeconomic.
_cMankiw Gregory N.
250 _a4th
260 _aUSA
_bSteve Momper
_c2007
300 _axxxii,583p.ill.:
_bincludes index
650 _2Principles of macroeconomics
942 _2lcc
_cBOOKS
999 _c11182
_d11182